|
|
|
|
| LEADER |
01840nam a2200421 i 4500 |
| 001 |
EBC2000909 |
| 003 |
MiAaPQ |
| 005 |
20200520144314.0 |
| 006 |
m o d | |
| 007 |
cr cnu|||||||| |
| 008 |
150411t20152015ne a ob 000 0 eng d |
| 020 |
|
|
|z 9780128015612
|
| 020 |
|
|
|a 9780128017500
|q (electronic bk.)
|
| 035 |
|
|
|a (MiAaPQ)EBC2000909
|
| 035 |
|
|
|a (Au-PeEL)EBL2000909
|
| 035 |
|
|
|a (CaPaEBR)ebr11036389
|
| 035 |
|
|
|a (CaONFJC)MIL759351
|
| 035 |
|
|
|a (OCoLC)908047521
|
| 040 |
|
|
|a MiAaPQ
|b eng
|e rda
|e pn
|c MiAaPQ
|d MiAaPQ
|
| 050 |
|
4 |
|a HG176.7
|b .A336 2015
|
| 082 |
0 |
|
|a 332.01511352
|2 23
|
| 100 |
1 |
|
|a Akansu, Ali N.,
|e author.
|
| 245 |
1 |
2 |
|a A primer for financial engineering :
|b financial signal processing and electronic trading /
|c Ali N. Akansu and Mustafa U. Torun.
|
| 264 |
|
1 |
|a Amsterdam, [Netherlands] :
|b Academic Press,
|c 2015.
|
| 264 |
|
4 |
|c 2015
|
| 300 |
|
|
|a 1 online resource (155 pages) :
|b illustrations, graphs
|
| 336 |
|
|
|a text
|2 rdacontent
|
| 337 |
|
|
|a computer
|2 rdamedia
|
| 338 |
|
|
|a online resource
|2 rdacarrier
|
| 504 |
|
|
|a Includes bibliographical references.
|
| 588 |
|
|
|a Description based on online resource; title from PDF title page (ebrary, viewed April 11, 2015).
|
| 590 |
|
|
|a Electronic reproduction. Ann Arbor, MI : ProQuest, 2015. Available via World Wide Web. Access may be limited to ProQuest affiliated libraries.
|
| 650 |
|
0 |
|a Financial engineering.
|
| 655 |
|
4 |
|a Electronic books.
|
| 700 |
1 |
|
|a Torun, Mustafa U.,
|e author.
|
| 776 |
0 |
8 |
|i Print version:
|a Akansu, Ali N.
|t Primer for financial engineering : financial signal processing and electronic trading.
|d Amsterdam, [Netherlands] : Academic Press, c2015
|h viii, 147 pages
|z 9780128015612
|
| 797 |
2 |
|
|a ProQuest (Firm)
|
| 856 |
4 |
0 |
|u https://ebookcentral.proquest.com/lib/matrademy/detail.action?docID=2000909
|z Click to View
|